000 00879npc a2200217Ia 4500
001 te5-640 [d000000551]
003 IT-MiCISF
008 161014s9999||||xx | und||
040 _aIT-MiCISF
_cIT-MiCISF
041 _ait
100 _aD'Agnolo Vallan F.
245 0 _aAnziani e ambiente: l'ospedale a domicilio
_bComune di Magliano Alfieri, Castello Alfieri, 13 maggio 1989
250 _a1a ed.
260 _a Moncalieri (TO)
_bCentro Francesco Cornaglia
_c1990 [Edizione originale: 1989]
300 _ap. 86
500 _aRivara G., Lombado M., Cravero F., D'Agnolo Vallan F., De Francesco V., Fabris F., Lombardo M., Monzeglio E., Pennestri G., Pernigotti L., Rabino F., Rivara G., Schieroni M.P. / anziani, assistenza-domiciliare, abitazione, progetto, esperienze /
650 _aterza-età
700 _aAA.VV.
942 _cDD
957 _71
999 _a640
_bsi
_g1
_c205804
_d205804